LIBRARY & INFORMATION CENTRE, KCAET, TAVANUR

ONLINE PUBLIC ACCESS CATALOGUE (OPAC)

One act plays for beginners / (Record no. 5890)

MARC details
000 -LEADER
fixed length control field 00444cam a2200181ua 4500
041 ## - LANGUAGE CODE
Language code of text/sound track or separate title eng
082 ## - DEWEY DECIMAL CLASSIFICATION NUMBER
Classification number 822
Item number CHE/ON
100 ## - MAIN ENTRY--AUTHOR NAME
Personal name Chellappan, K .
245 00 - TITLE STATEMENT
Title One act plays for beginners /
260 ## - PUBLICATION, DISTRIBUTION, ETC. (IMPRINT)
Place of publication Chennai :
Name of publisher The National Publishing Co ,
Year of publication 1970.
300 ## - PHYSICAL DESCRIPTION
Number of Pages 216 ; .
942 ## - ADDED ENTRY ELEMENTS (KOHA)
Koha item type Books
Holdings
Withdrawn status Lost status Damaged status Home library Current library Date acquired Full call number Accession Number Koha item type
Withdrawn     KAUAET KAUAET 07/04/2012 822 12903 Books
Withdrawn     KAUAET KAUAET 13/11/2023 822 CHE/ON 13147 Books
      KAUAET KAUAET 14/11/2023 822 CHE/ON 13148 Books
Withdrawn     KAUAET KAUAET 16/11/2023 822 CHE/ON 12902 Books
Withdrawn     KAUAET Sanskrit University 07/04/2012 822 12904 Books
free website counter